| 000 | 01138nas a2200385 4500 | ||
|---|---|---|---|
| 001 | BR0505117 | ||
| 003 | BR-BrBNA | ||
| 005 | 20231205105702.0 | ||
| 007 | ta | ||
| 008 | 230509b bl.|||p| |||| 00| 00por d | ||
| 040 |
_aBR-BrBNA _bpor _cBiblioteca Nacional de Agricultura |
||
| 041 | _a(Pt) | ||
| 072 | _aH60 | ||
| 100 | 1 | _aCavenaghi, A.L. | |
| 100 | 1 | _aVelini, E.D. | |
| 100 | 1 | _aNegrisoli, E. | |
| 100 | 1 | _aCarvalho, F.T. | |
| 100 | 1 | _aGalo, M.L.B.T. | |
| 100 | 1 | _aTrindade, M.L.B. | |
| 100 | 1 | _aCorrêa, M.R. | |
| 100 | 1 | _aSantos, S.C.A. | |
| 245 | 1 | _aMonitoramento de problemas com plantas aquáticas e caracterização da qualidade de água e sedimento na UHE Mogi-Guaçu | |
| 650 | _aPLANTA AQUÁTICA | ||
| 650 | _aINFESTAÇÃO | ||
| 650 | _aERVA DANINHA | ||
| 650 | _aQUALIDADE DA ÁGUA | ||
| 650 | _aRESERVATÓRIO DE ÁGUA | ||
| 650 | _aNITROGÊNIO | ||
| 650 | _aFÓSFORO | ||
| 650 | _aLIMNOLOGIA | ||
| 650 | _aSÃO PAULO | ||
| 773 | 0 |
_tPlanta Daninha (Brazil) _xISSN 0100-8358 _g(Apr-Jun 2005), v. 23(2) p. 225-231 _wBR0505117 |
|
| 909 |
_a202311 _bLúcia _c55 _dLúcia Elande |
||
| 942 |
_2AGRIS _n0 _cANA |
||
| 999 |
_c184145 _d184145 |
||